000 00744nam a2200181Ia 4500
008 100920s9999 xx 000 0 und d
082 _b82937
_a28 व 539 न 02
100 _aपाटील सुरेश व्ही.
245 _aकॉम्प्युटर विकत घेण्यापूर्वी.
260 _bएटीएम पब्लिकेशन,पुणे30.
_c2002
300 _a64
_bसाधी
365 _b25
520 _aबा.वि.शाआ.
630 _aकॉम्प्युटर विकत घेण्यापूर्वी.
650 _aबा.वि.शाआ.
730 _aकॉम्प्युटर विकत घेण्यापूर्वी.
942 _cBOOK
999 _c723587
_d723584